Brooklyn Nine-Nine Episodes by Plot Description - Statistics

General Stats
  • This quiz has been taken 21 times
  • The average score is 8 of 12
Answer Stats
Hint Answer % Correct
Terry works a steroid case with Jake and Charles after returning to the field. The Ebony Falcon
80%
On Jake and Amy’s wedding day, a bomb threat delays the ceremony. The squad works together to ensure the wedding goes ahead. Jake & Amy
75%
Jake helps Terry solve a case from his past after his old coworkers mocked him. Terry Kitties
75%
The squad works together to try to end a walkout of uniformed officers. Blue Flu
65%
Amy disappears hours before her sergeant's exam, prompting Jake and Rosa to search for her. Chasing Amy
65%
Jake and Rosa go undercover with a fellow officer who stole drugs and weapons from the precinct. Debbie
65%
Jake tries to solve who put a glitter-bomb at his desk before Holt’s old detective friend can, hoping to earn a recommendation from Holt for a spot on a new task force. Dillman
65%
Jake and Terry investigate the theft of their favorite author D.C. Parlov’s manuscript with Rosa. Return to Skyfire
65%
Jake and Amy lose Holt’s dog while house-sitting, prompting the squad to help track him down. Cheddar
60%
During a citywide blackout, pregnant Amy takes command of the precinct, leads the emergency response, and ends up giving birth there. Lights Out
60%
The precinct attends their old captain’s funeral in Los Angeles, where Holt learns he's on the shortlist for NYPD Commissioner. After missing their flight back, Jake and the squad scramble to get Holt to New York in time for the interview. 99
55%
The squad have limited time to track down a hacker who has infiltrated the precinct's servers, potentially exposing undercover agents. Ticking Clocks
45%
No matching quizzes found
Score Distribution
Percent of People with Each Score
Percentile by Number Answered
Your Score History
You have not taken this quiz